| 000 | 01135 a2200241 4500 | ||
|---|---|---|---|
| 003 | Nust | ||
| 005 | 20220803101205.0 | ||
| 010 | _a 98028659 | ||
| 020 | _a0780334272 | ||
| 040 | _cNust | ||
| 082 | 0 | 0 | _a621.317,AND |
| 100 | 1 |
_aAnderson, P. M. _996378 |
|
| 245 | 1 | 0 |
_aPower System Protection / _cP.M. Anderson. |
| 260 |
_aNew York : _bMcGraw-Hill : _bIEEE Press, _cc1999. |
||
| 300 |
_axxviii, 1307 p. : _bill. ; _ccm. |
||
| 440 | 0 |
_aIEEE Press power engineering series _996379 |
|
| 505 | _aPart-1: Protective Devices and Controls (Page-1), Part-2: Protection Concepts (Page-199), Part-3: Transmission Protection (Page-377), Part-4: Apparatus protection (Page-643), Part-5: System Aspects of Protection (Page-805), Part-6: Reliability of Protective Systems (Page-1001). | ||
| 650 | 0 | _aTelecommunication Engineering. | |
| 856 | 4 | 2 |
_3Contributor biographical information _uhttp://www.loc.gov/catdir/bios/wiley043/98028659.html |
| 856 | 4 | 2 |
_3Publisher description _uhttp://www.loc.gov/catdir/description/wiley036/98028659.html |
| 856 | 4 | 2 |
_3Table of Contents _uhttp://www.loc.gov/catdir/toc/onix07/98028659.html |
| 942 |
_cREF _2ddc |
||
| 999 |
_c176946 _d176946 |
||